| 000 | 00840nam a22002535 4500 | ||
|---|---|---|---|
| 001 | 190529 | ||
| 003 | SpMaBN | ||
| 005 | 20250912063058.0 | ||
| 008 | 210819s1991 sp 001 f spa | ||
| 020 | _a84-08-01499-4 | ||
| 080 | _a821.111(73)-31"19" | ||
| 100 | 1 |
_aRobbins, Harold. _997787 |
|
| 245 | 1 | 0 |
_aPirañas / _cHarold Robbins ; traducción de Enric Tremps. |
| 250 | _a1ª ed. | ||
| 260 |
_aBarcelona : _bPlaneta, _c1991. |
||
| 300 |
_a235 p. ; _c22 cm. |
||
| 490 | 1 |
_aColección contemporánea (Editorial Planeta) ; _v153 _9235473 |
|
| 700 | 1 |
_aTremps, Enric. _9111309 |
|
| 852 | 4 |
_aES-MaACL _jA-14737 _9 197707 _bR.152141 _cDEPO1 _dOlim: N-7737 _hDonación: José Lázaro |
|
| 903 |
_9234219 _aLázaro García, José _ednr |
||
| 942 |
_2udc _cMONOGRAFIA |
||
| 999 |
_c190529 _d190529 |
||